| 000 | 00884nam a2200121Ia 4500 | ||
|---|---|---|---|
| 008 | 220615s9999||||xx |||||||||||||| ||und|| | ||
| 245 | 0 |
_aAdult Education and Work Contexts: International Perspectives and Challenges _bComparative Perspectives from the 2017 Wuerzburg Winter School |
|
| 546 | _aEnglish[eng] | ||
| 650 | _aAdult||Adult Education||Adult Learning||Bernd||Challenges||Comparative||Contexts||Education||Educational Policies||Egetenmeyer||Employability||Fedeli||from||International||Käpplinger||Learning||Lifelong Learning||Monica||Perspectives||Regina||School||Winter||Work||Würzburg | ||
| 700 | _aEgetenmeyer, Regina||Fedeli, Monica | ||
| 856 | _uhttps://library.oapen.org/bitstream/20.500.12657/27244/1/1002769.pdf||https://library.oapen.org/bitstream/20.500.12657/27244/1/1002769.pdf||https://library.oapen.org/bitstream/20.500.12657/27244/1/1002769.pdf | ||
| 942 | _cEB | ||
| 999 |
_c9405 _d9405 |
||